000 00921nam a2200253Ia 4500
003 OSt
005 20221005112516.0
006 a|||||r|||| 00| 0
007 ta
008 221004b |||||||| |||| 00| 0 pan d
020 _a9789350681251 (hbk)
_c325
024 _a2797
037 _b692, 16/01/2013, Bright Book Service
_cTextual
040 _aCRL
_cCRL
_bpan
041 _2pan
_apan
082 _aO153:g, Q2
100 _aਸੈਖ਼ੀ, ਦੇਵਿੰਦਰ
245 0 _aਸਿੱਧਾਂਤਕਾਰੀ ਅਤੇ ਪੰਜਾਬੀ ਸਿੱਧਾਂਤਕਾਰ
260 _aਚੰਡੀਗੜ
_bਲੋਕਗੀਤ ਪ੍ਰਕਾਗੀਤ ਭਾਰਤ
_c2012
300 _a200ਪੰ
_ccm.
650 _aਪੰਜਾਬੀ ਸਾਹਿਤ
942 _hO153:g, Q2
_cTEXL
_2cc
999 _c1025099
_d1025099